| 000 | 00984nam a22003257a 4500 | ||
|---|---|---|---|
| 001 | BR0102451 | ||
| 003 | BR-BrBNA | ||
| 005 | 20230928100859.0 | ||
| 007 | ta | ||
| 008 | 230509b bl.||||| |||| 00| 0 por d | ||
| 040 |
_aBR-BrBNA _bpor _cBiblioteca Nacional de Agricultura |
||
| 041 | _a(Por) | ||
| 072 |
_aL01 _b5212 |
||
| 090 | _ 5212 BR0102451 | ||
| 100 | 1 | _aMuylder, I.F. de | |
| 110 | 1 |
_aUniversidade Federal de Minas Gerais, Belo Horizonte (Brasil). Escola de Veterinaria) _0Tese (Mestre em Zootecnia) |
|
| 245 | 1 | _aModificacoes do ambiente e estresse calorico em vacas Holandesas confinadas | |
| 260 | 3 |
_aBelo Horizonte, MG (Brasil): _c1999. |
|
| 300 | _a80 p. | ||
| 500 | _aSummaries (Eng, Por); 32 ref.; 18 illus.; 7 tables | ||
| 650 | _aGado Holandes | ||
| 650 | _aConfinamento | ||
| 650 | _aInstalacao para Animal | ||
| 650 | _aLeite | ||
| 650 | _aVaca | ||
| 650 | _aStress | ||
| 650 | _aClima | ||
| 909 |
_a202309 _bLucia _c55 _dLucia Elande |
||
| 942 | _cBK | ||
| 999 |
_c63226 _d63226 |
||